| 000 | 00524cam a2200193ua 4500 | ||
|---|---|---|---|
| 001 | 514 | ||
| 008 | 110407n ii |||gr||||Z||||||eng | ||
| 020 | _a978-81-272-5802-3 | ||
| 040 | _cMAIN | ||
| 082 | _a327 | ||
| 245 | 1 |
_aInternational relations : _bTheory and practice of international policies / _cby K.K. Ghai |
|
| 250 | _a3rd. | ||
| 260 |
_aGuwahati: _bKalyani, _c2010. |
||
| 300 |
_a464p: _c25cm. |
||
| 653 | _aPolitical science | ||
| 653 | _aInternational relations | ||
| 700 |
_aGhai, K.K., _eAuthor. |
||
| 942 | _cBK | ||
| 999 |
_c452 _d452 |
||